000 00637nam a22002057a 4500
005 20151016110614.0
010 _aENG-113859
020 _a8123747667
_c120.00
020 _a9788123747668
_c120.00
035 _aEN-97391
037 _bDBAD/PUB
082 _a509.2
100 _aGopalakrishnan, K. V.
245 _aInventors who revolutionised our lives /
_cby K V. Gopalakrishnan
260 _aNew Delhi
_bNational Book Trust
_c2015
270 _aNehru Bhawan, 5 Institutional Area, Phase -II,
_bNew Delhi
_e110070
300 _axiii,198p.
_c21cm(pbk)
490 _aPopular science
942 _2ddc
_cEN
_mGOP
_h509.2
999 _c95926
_d95926